[Event "Arab-ch U18 20 Girls"]
[Site "Hammamet"]
[Date "2018.10.31"]
[Round "6.5"]
[White "Moalla, Yosr"]
[Black "Miladi, Amen"]
[Result "0-1"]
[WhiteElo "1224"]
[BlackElo "1688"]
[PlyCount "48"]
[EventDate "2018.10.28"]
[EventType "swiss"]
[EventRounds "9"]
[EventCountry "TUN"]
[SourceTitle "EXT 2024"]
[Source "ChessBase"]
[SourceDate "2023.10.10"]
[SourceVersion "1"]
[SourceVersionDate "2023.10.10"]
[SourceQuality "1"]

1. e4 c5 2. Nf3 e6 3. d4 cxd4 4. Nxd4 a6 5. Nc3 Qc7 6. Bd3 Nf6 7. 0-0 b5 8. a3 Bb7 9. Re1 d6 10. Bd2 Be7 11. Nf3 Nbd7 12. Qe2 0-0 13. h3 Rad8 14. Rad1 Rfe8 15. Bf4 e5 16. Be3 Nc5 17. Rd2 Ncxe4 18. Nxe4 Nxe4 19. Rdd1 Nf6 20. Bg5 e4 21. Bxf6 exf3 22. gxf3 gxf6 23. Kh2 Bf8 24. Rg1+ Kh8 0-1